000 00699nam a2200289Ia 4500
005 20260324114955.0
008 008 260324s9999 xx 000 0 eng d
020 _a9780429023118
037 _aEBOOK
040 _aCRL
040 _beng
040 _cCRL
041 _2eng
041 _aeng
084 _qCRL
100 _aPaul Cafaro
_91152882
245 0 _aFreedom Within a Framework
245 0 _bHearing the Voice of the Customer on the Factory Floor
260 _bTaylor and Francis
260 _c2020
365 _a
365 _b55.99
856 _uhttp://www.taylorfrancis.com/books/9780429023118
942 _cEBOOK
999 _c1743402
_d1743402